<?xml version="1.0" encoding="UTF-8"?>
<record
    xmlns:xsi="http://www.w3.org/2001/XMLSchema-instance"
    xsi:schemaLocation="http://www.loc.gov/MARC21/slim http://www.loc.gov/standards/marcxml/schema/MARC21slim.xsd"
    xmlns="http://www.loc.gov/MARC21/slim">

  <leader>02850agaaa2200349   4500</leader>
  <controlfield tag="001">3516</controlfield>
  <controlfield tag="003">IT-RoPAU</controlfield>
  <controlfield tag="005">20220918181229.0</controlfield>
  <controlfield tag="007">d cvaizq</controlfield>
  <controlfield tag="008">50131s9999||||xx ||| |     ||   ||und||</controlfield>
  <datafield tag="040" ind1=" " ind2=" ">
    <subfield code="a">IT-RoPAU</subfield>
    <subfield code="c">IT-RoPAU</subfield>
  </datafield>
  <datafield tag="041" ind1=" " ind2=" ">
    <subfield code="a">ITALIANO</subfield>
  </datafield>
  <datafield tag="100" ind1=" " ind2=" ">
    <subfield code="a">Wenders Wim</subfield>
    <subfield code="g">Codice regista SPICS: 499</subfield>
    <subfield code="9">39737</subfield>
  </datafield>
  <datafield tag="130" ind1=" " ind2=" ">
    <subfield code="a">STATO DELLE COSE (LO)</subfield>
    <subfield code="9">39738</subfield>
  </datafield>
  <datafield tag="240" ind1=" " ind2=" ">
    <subfield code="a">STAND DER DINGE (DER)</subfield>
    <subfield code="g">T2920</subfield>
  </datafield>
  <datafield tag="245" ind1=" " ind2=" ">
    <subfield code="a">STATO DELLE COSE (LO)</subfield>
    <subfield code="c">Sceneggiatura: Kramer Robert Wenders Wim -- Diretto da: Wenders Wim</subfield>
    <subfield code="p">STATO DELLE COSE (LO) (Rif. Codice opera principale : D3516)</subfield>
  </datafield>
  <datafield tag="246" ind1=" " ind2=" ">
    <subfield code="a">STAND DER DINGE (DER)</subfield>
  </datafield>
  <datafield tag="250" ind1=" " ind2=" ">
    <subfield code="a">Edizione Standard</subfield>
  </datafield>
  <datafield tag="260" ind1=" " ind2=" ">
    <subfield code="a">BERLINO (GERMANIA)</subfield>
    <subfield code="b">ROAD MOVIES FILMPRODUKTIONS / Distribuzione: SPA AUDIOVISIVI</subfield>
    <subfield code="g">"1983 (1&#xB0; ed.: 1995 ; Ed. Lingua Orig.: 1983)"</subfield>
  </datafield>
  <datafield tag="300" ind1=" " ind2=" ">
    <subfield code="a">VHS</subfield>
    <subfield code="b">sonoro, col.</subfield>
    <subfield code="c">127 minuti</subfield>
  </datafield>
  <datafield tag="508" ind1=" " ind2=" ">
    <subfield code="a">"Fotografia: Alekan Henri; Montaggio: Von Weitershausen Ba; Musica: De Ville Mink; Sceneggiatura: Kramer Robert Wenders Wim; Soggetto: Kramer Robert -- Wenders Wim"</subfield>
  </datafield>
  <datafield tag="511" ind1=" " ind2=" ">
    <subfield code="a">"Auder Alexandra; Auder Viva; Baiao Francisco; Bauchau Patrick; Carey Geoffrey; Corma"</subfield>
  </datafield>
  <datafield tag="520" ind1=" " ind2=" ">
    <subfield code="a">"IL FILM INIZIA CON LA LUNGHISSIMA SEQUENZA DI UN FILM NEL FILM. CI PRESENTA LA DIFFICILE TRAVERSATA DI ALCUNI INDIVIDUI (I SOPRAVVISSUTI) IN UN MONDO CONTAMINATO, NEL QUALE SI MUORE PER ""FUSIONE"". IL LUNGO PRELUDIO TERMINA IN RIVA AL MARE SALVATORE E SI COMINCIA A GIRARE IL VERO FILM. SIAMO IN PORTOGALLO NELL'INVERNO 1981. IL REGISTA FRITZ E GLI ATTORI OCCUPANO UN ALBERGO SOLITARIO E MEZZO DIROCCATO SULLE RIVE DELL'OCEANO ATLANTICO. L'ALBERGO E STATO DANNEGGIATO DA UNA TEMPESTA E FORSE HA SUBITO UN BOMBARDAMENTO. ORA INVECE FA DA SFONDO AL RIFACIMENTO DEL FILM DI FANTASCIENZA DI ALLAN DWAN, DEGLI ANNI 50 SULLA FINE DEL MONDO PER UNA CATASTROFE ATOMICA. IL REGISTA FRITZ E GLI ATTORI POSSONO LAVORARE PER UNA QUINDICINA DI GIORNI EPOI DEVONO SOSPENDERE. SONO SENZA SOLDI E SENZA PELLICOLA. IL PRODUTTORE GORDON E ANDATO A LOS ANGELES CON LA PROMESSA DI RITORNARE IN POCHI GIORNI. NON FACENDOSI PIU VIVO, FRITZ, PRENDE L'AEREO PER L'AMERICA E, DOPO PAZIENTI RICERCHE, RIESCE A SCOPRIRE GORDON: SI NASCONDE IN UNA ROULOTTE PERCE TEME DI ESSERE ASSASSINATO, ESSENDO COINVOLTO IN UNA LOSCA SITUAZIONE, CHE GLI HA SCATENATO CONTRO UNA BANDA DI GANGSTERS. DIFATTI GORDON CADRA COLPITO A MORTE, MA SUBITO DOPO ANCHE FRITZ FARA LA STESSA FINE."</subfield>
  </datafield>
  <datafield tag="538" ind1=" " ind2=" ">
    <subfield code="a">PAL, STEREO</subfield>
  </datafield>
  <datafield tag="546" ind1=" " ind2=" ">
    <subfield code="a">ITALIANO</subfield>
  </datafield>
  <datafield tag="650" ind1=" " ind2=" ">
    <subfield code="a">DRAMMATICO</subfield>
    <subfield code="e">FILMS [VHS]</subfield>
    <subfield code="x">Codice MATERIA SPICS: 9960</subfield>
    <subfield code="9">34083</subfield>
  </datafield>
  <datafield tag="700" ind1=" " ind2=" ">
    <subfield code="a">De Ville Mink</subfield>
    <subfield code="e">(musica)</subfield>
    <subfield code="g">Codice Musica SPICS: 44623</subfield>
    <subfield code="9">39739</subfield>
  </datafield>
  <datafield tag="700" ind1=" " ind2=" ">
    <subfield code="a">Kramer Robert </subfield>
    <subfield code="e">(soggetto)</subfield>
    <subfield code="g">Codice Soggetto SPICS: 29216</subfield>
    <subfield code="9">39740</subfield>
  </datafield>
  <datafield tag="700" ind1=" " ind2=" ">
    <subfield code="a">Wenders Wim </subfield>
    <subfield code="e">(regista)</subfield>
    <subfield code="g">Codice regista SPICS: 499</subfield>
    <subfield code="9">39741</subfield>
  </datafield>
  <datafield tag="700" ind1=" " ind2=" ">
    <subfield code="a">Wenders Wim </subfield>
    <subfield code="e">(soggetto)</subfield>
    <subfield code="g">Codice Soggetto 2&#xB0; SPICS: 499</subfield>
    <subfield code="9">39742</subfield>
  </datafield>
  <datafield tag="942" ind1=" " ind2=" ">
    <subfield code="c">VH</subfield>
    <subfield code="2">ddc</subfield>
  </datafield>
  <datafield tag="999" ind1=" " ind2=" ">
    <subfield code="c">105146</subfield>
    <subfield code="d">105146</subfield>
  </datafield>
  <datafield tag="952" ind1=" " ind2=" ">
    <subfield code="0">0</subfield>
    <subfield code="1">0</subfield>
    <subfield code="4">0</subfield>
    <subfield code="6">D_3516_000000000000000</subfield>
    <subfield code="7">1</subfield>
    <subfield code="a">SPICS</subfield>
    <subfield code="b">SPICS</subfield>
    <subfield code="d">2015-01-31</subfield>
    <subfield code="l">0</subfield>
    <subfield code="o">D3516</subfield>
    <subfield code="r">2015-01-31 00:00:00</subfield>
    <subfield code="w">2015-01-31</subfield>
    <subfield code="y">VH</subfield>
    <subfield code="z">Progr. Ins.: 609 / N.Vol.:1 / Copie: 1 / Pag.: / Copia rara: n.d. / date import: 1.2.2015 / By Epidotti, Trombetti, Vaglietti</subfield>
  </datafield>
</record>
